Biblioteca

Ciencia del idioma y arte gramatical / Gustavo de Elorza Martínez, Editor (Registro nro. 43563)

Detalles MARC
000 -LÍDER
Campo fijo de descripción fija 00999aam a2200301 i 4500
001 - NÚMERO DE CONTROL
Campo de control 14718
003 - IDENTIFICADOR DEL NÚMERO DE CONTROL
Campo de control CO-MdBIC
005 - FECHA Y HORA DE LA ULTIMA TRANSACCIÓN
control field 20211002090840.0
008 - ELEMENTOS DE LONGITUD FIJA -- INFORMACIÓN GENERAL
Campo fijo de descripción fija -- Información general 211002t2008 ck ||||| |||| 00| 0 eng d
020 ## - NÚMERO INTERNACIONAL NORMALIZADO PARA LIBROS
Número Internacional Normalizado del libro 978-958-677-376-8
040 ## - FUENTE DE CATALOGACIÓN
Idioma de catalogación spa.
Agencia de catalogación original CO-MdFUSB
Agencia que realiza la transcripción CO-MdFUSB
Agencia que realiza la modificación CO-MdFUSBC
Convenciones de la descripción rda
041 ## - CÓDIGO DE IDIOMA
Código de idioma para texto/pista de sonido o título separado spa
082 04 - NÚMERO DE CLASIFICACIÓN DECIMAL DEWEY
Número de clasificación R 410 E487c
245 10 - TÍTULO
Título del Material Ciencia del idioma y arte gramatical / Gustavo de Elorza Martínez, Editor
Mención de responsabilidad, etc. /
260 ## - PUBLICACIÓN, DISTRIBUCIÓN, ETC. (PIE DE IMPRENTA)
Lugar de publicación, distribución, etc. Bogotá : Zamora
264 #1 - PRODUCCIÓN, PUBLICACIÓN, DISTRIBUCIÓN, MANUFACTURA, Y COPYRIGHT
Lugar de producción, publicación, distribución, manufactura Bogotá, Colombia :
Nombre del productor, publicador, distribuidor Zamora,
Fecha de producción, publicación, distribución, manufactura, o copyright [2008]
264 #4 - PRODUCCIÓN, PUBLICACIÓN, DISTRIBUCIÓN, MANUFACTURA, Y COPYRIGHT
Fecha de producción, publicación, distribución, manufactura, o copyright © 2008
300 ## - DESCRIPCIÓN FÍSICA
Dimensiones ;
336 ## - TIPO DE CONTENIDO
Fuente rdacontent
Término de tipo de contenido texto
Código de tipo de contenido txt
337 ## - TIPO DE MEDIO
Fuente rdamedia
Nombre del tipo de medio sin mediación
Código del tipo de medio n
338 ## - TIPO DE SOPORTE
Fuente rdacarrier
Nombre del tipo de soporte volumen
Código Tipo de soporte nc
505 00 - NOTA DE CONTENIDO
Nota de contenido con formato preestablecido Tomo I Competencia lingüística Tomo II Competencia escritora y Sistemas de comprensión Tomo III Competencia literaria Tomo IV Competencia ortográfica Tomo V Competencia comunicativa
653 ## - TÉRMINO DE INDIZACIÓN - NO CONTROLADO
Término no controlado Ciencia del idioma
653 ## - TÉRMINO DE INDIZACIÓN - NO CONTROLADO
Término no controlado Arte
653 ## - TÉRMINO DE INDIZACIÓN - NO CONTROLADO
Término no controlado Gramatical
942 ## - TIPO DE MATERIAL (KOHA)
Tipo de Item KOHA Libros General
945 ## - INFORMACIÓN LOCAL DEL REGISTRO
Catalogador Estudiante
Existencias
Estado de Material Estado de Perdido Estado de Dañado No para Préstamo Colección Tomo Biblioteca de Origen Biblioteca Permanente Fecha de Adquisición Total de Préstamos Signatura Topográfica Código de Barras Última vez visto Ejemplar/Existencia Fecha de Remplazo Tipo de Material
        Colección de Referencia 5 Biblioteca FUSBC Biblioteca FUSBC 30/10/2007   R 410 E487c 16682 12/12/2019 1 26/01/2016 Libros de Referencia
        Colección de Referencia 2 Biblioteca FUSBC Biblioteca FUSBC 30/10/2007   R 410 E487c 16686 12/12/2019 1 26/01/2016 Libros de Referencia
        Colección de Referencia 1 Biblioteca FUSBC Biblioteca FUSBC 30/10/2007   R 410 E487c 16685 12/12/2019 1 26/01/2016 Libros de Referencia
        Colección de Referencia 3 Biblioteca FUSBC Biblioteca FUSBC 30/10/2007   R 410 E487c 16684 12/12/2019 1 26/01/2016 Libros de Referencia
        Colección de Referencia 4 Biblioteca FUSBC Biblioteca FUSBC 30/10/2007   R 410 E487c 16683 12/12/2019 1 26/01/2016 Libros de Referencia

Biblioteca FUSBC | Teléfono: (57+4) 349 88 10 Ext. 141| WhatsApp (+57) 3005338115 
E-mail: biblioteca@unisbc.edu.co | Calle 76 87-14 Robledo Palenque, Medellín, Colombia

Con tecnología Koha